000 00403nam a22001697a 4500
003 MPLRDC
005 20220104143827.0
008 210129b ||||| |||| 00| 0 eng d
082 _a857.458 BTX-2 v.2
100 _a包天笑
245 _a钏影楼回忆录续篇
_c
250 _a第一版
260 _a
_b大华
_c1973
300 _b
650 _a历史小说
942 _cBK
_o857.458 BTX-2 v.2
999 _c43722
_d43712